LEADER 01042nam a2200325 i 4500 001 991000862159707536 005 20020507102442.0 008 960327s1977 us ||| | eng 020 $a0070703604 035 $ab10140013-39ule_inst 035 $aLE00638149$9ExL 040 $aDip.to Fisica$bita 084 $a53.0.692 084 $a53.3.3 084 $a53.5.23 084 $a53.8.1 084 $a539.7'54 084 $aQC794.6.S3 100 1 $aWilliams, Brian$0355496 245 10$aCompton scattering /$cedited by Brian Williams 260 $aNew York :$bMcGraw-Hill Book Co.,$c1977 300 $axv, 366 p. :$bill. ;$c24 cm. 500 $aIncludes bibliographical references and index. 650 4$aCompton effect 907 $a.b10140013$b21-09-06$c27-06-02 912 $a991000862159707536 945 $aLE006 53.3.3 WIL$g1$i2006000049931$lle006$o-$pE0.00$q-$rl$s- $t0$u3$v0$w3$x0$y.i10166257$z27-06-02 996 $aCompton scattering$9186809 997 $aUNISALENTO 998 $ale006$b01-01-96$cm$da $e-$feng$gus $h0$i1 LEADER 00925cam a2200253 i 4500 001 991001477409707536 008 111115s2002 it a b 001 0 ita 020 $a8846435346 035 $ab14020774-39ule_inst 040 $aDip.to SSC$bita 082 04$a362.11 245 00$aAbitare la cura :$briflessioni sull'architettura istituzionale /$ca cura di Sergio Marsicano ; scritti di I. Farč ... [et al.]. 260 $aMilano :$bF. Angeli,$cc2002 300 $a192, iv p. :$bill. ;$c23 cm 440 0$aSerie di architettura ;$v30 650 4$aDegenza ospedaliera 700 1 $aMarsicano, Sergio 700 1 $aFarč, I. 907 $a.b14020774$b02-04-14$c15-11-11 912 $a991001477409707536 945 $aLE021 SOC26F10$g1$i2021000167423$lle021$o-$pE19.32$q-$rl$s- $t0$u0$v0$w0$x0$y.i15364239$z11-01-12 996 $aAbitare la cura$9242975 997 $aUNISALENTO 998 $ale021$b15-11-11$cm$da $e-$fita$git $h0$i0